000
00311nam a22001097a 4500
008
160426b xxu||||| |||| 00| 0 eng d
020
_a
9780323072540
041
_a
eng
080
_a
618.2
245
_a
Manual of medical surgical nursing:
_c
Frances D. Monahan; Marianne Neighbors; Carol J. Green;
942
_2
udc
_c
BK
999
_c
1609
_d
1609